000 00546nam a22002057a 4500
999 _c2750
_d2750
003 OSt
005 20210719094125.0
008 210719b ||||| |||| 00| 0 eng d
020 _a-
040 _cALUPE UNIVERSITY
050 _aRC60
_b.M4 1979
100 _aMelvin M. Scheinman
245 _aTHE MEDICAL CLINICS OF NORTH AMERICA
250 _aVOL.63 NO.1
260 _aPhiladelphia,London. Torondo
_bW.B. Saunders Company
_c1979
300 _aViii, 299pgs
_bills.
500 _aindex
650 _aCardiac Emergencies
942 _2lcc
_cBK
_nPW